Представление документа в формате MARC21

ПолеНазваниеЗначение
  Тип записи a
  Библиографический уровень m
001 Контрольный номер RU/URAIT/598495
005 Дата корректировки 20260429163608.0
008 Кодируемые данные 260429s2026 RU y f j 000 0 rus u
020 Индекс ISBN __
a ISBN 978-5-534-20105-5
c Цена, тираж 1489.00
040 Источник каталогиз. __
a Служба первич. каталог. ИКО Юрайт
c Служба, преобразующая запись ИКО Юрайт
e Правила каталог. RCR
041 Код языка издания __
a Код языка текста rus
044 Код страны публикации __
a Код страны публикации RU
080 Индекс УДК __
a Индекс УДК 621(075.32)
084 Индекс другой классификации/Индекс ББК __
2 Источник индекса rubbk
a Индекс другой классификации/Индекс ББК 30.11я723
100 Автор __
a Автор Вышнепольский И. С.
q Полное имя Вышнепольский Игорь Самуилович
245 Заглавие __
a Заглавие Техническое черчение
b Продолж. заглавия учебник для спо
c Ответственность И. С. Вышнепольский.
250 Сведения об издании __
g пер. и доп
a Основные сведения об издании 11-е изд.
256 Характеристики компьютерного файла __
a Характеристики компьютерного файла Электрон. дан.
260 Выходные данные __
a Место издания Москва
b Издательство Юрайт
c Дата издания 2026
300 Физическое описание __
a Объем 272 с
440 Серия __
a Серия Профессиональное образование
500 Примечания __
a Примечание URL: https://urait.ru/bcode/598495 (дата обращения: 29.04.2026).
520 Аннотация __
a Аннотация В курсе изложены основы геометрического и проекционного черчения, рассмотрены вопросы выполнения и чтения машиностроительных чертежей и схем. Издание содержит краткое изложение теории и упражнения по основным вопросам технического черчения: оформлению чертежей, геометрическим построениям, выполнению и чтению чертежей в системе прямоугольных и аксонометрических проекций, по сечениям и разрезам, по всем вопросам рабочих чертежей и эскизов деталей, изображению и обозначению резьб, правилам вычерчивания зубчатых колес и других изделий, по сборочным чертежам и схемам. Курс неоднократно издавался не только на русском, но и на многих иностранных языках. При переиздании в него вносились изменения, связанные с изменением стандартов Единой системы конструкторской документации (ЕСКД), перерабатывались отдельные разделы, поэтому курс соответствует современным требованиям и является одним из лучших среди подобных.
538 Прим. о системных особенностях __
a Прим. о системных особенностях Режим доступа: Электронно-библиотечная система Юрайт, для авториз. пользователей
653 Ключевые слова __
a Ключевые слова Инженерная графика и черчение
653 Ключевые слова __
a Ключевые слова Технические науки
653 Ключевые слова __
a Ключевые слова Инженерная графика
653 Ключевые слова __
a Ключевые слова Инженерная и компьютерная графика
653 Ключевые слова __
a Ключевые слова Начертательная геометрия
653 Ключевые слова __
a Ключевые слова Начертательная геометрия и черчение
653 Ключевые слова __
a Ключевые слова Компьютерная и инженерная графика
653 Ключевые слова __
a Ключевые слова Начертательная геометрия и перспектива
653 Ключевые слова __
a Ключевые слова Черчение
653 Ключевые слова __
a Ключевые слова Основы инженерной графики
653 Ключевые слова __
a Ключевые слова Основы строительного черчения
653 Ключевые слова __
a Ключевые слова Основы технического черчения
653 Ключевые слова __
a Ключевые слова Техническая графика
653 Ключевые слова __
a Ключевые слова Техническое черчение
653 Ключевые слова __
a Ключевые слова Основы черчения
653 Ключевые слова __
a Ключевые слова Строительное черчение
653 Ключевые слова __
a Ключевые слова Основы черчения и начертательной геометрии
653 Ключевые слова __
a Ключевые слова Техническое исполнение дизайнерских проектов в материале
653 Ключевые слова __
a Ключевые слова Основы черчения с начертательной геометрией
653 Ключевые слова __
a Ключевые слова Черчение и начертательная геометрия
653 Ключевые слова __
a Ключевые слова Основы компьютерной инженерной графики
653 Ключевые слова __
a Ключевые слова Основы черчения и начертательная геометрия
653 Ключевые слова __
a Ключевые слова Компьютерная инженерная графика
653 Ключевые слова __
a Ключевые слова Инженерная графика (черчение)
653 Ключевые слова __
a Ключевые слова Основы начертательной геометрии и технического черчения
653 Ключевые слова __
a Ключевые слова Проектирование и составление конструкторско-технологической документации
653 Ключевые слова __
a Ключевые слова Инженерная компьютерная графика
653 Ключевые слова __
a Ключевые слова Начертательная геометрия и основы черчения
653 Ключевые слова __
a Ключевые слова Начертательная геометрия, черчение
653 Ключевые слова __
a Ключевые слова Черчение и техническое измерение
653 Ключевые слова __
a Ключевые слова Разработка и оформление технической документации электрического и электромеханического оборудования
856 Электронный адрес документа 40
n Местонахождение сервера Юрайт
g Электронная книга
q Тип электронного формата html
h Имя пользователя ЮРАЙТ
v Часы доступа к ресурсу 20271231
2 Способ доступа Показать документ
x Служебное примечание https://urait.ru/book/cover/27283F81-6E57-4C72-8826-843C1AC58D55
u URL https://urait.ru/bcode/598495
856 Электронный адрес документа 48
q Тип электронного формата cover
u URL https://urait.ru/book/cover/27283F81-6E57-4C72-8826-843C1AC58D55
911 __
u 0030=https://urait.ru/bcode/598495
911 __
u 073a=9785534201055
u 073d=1489.00
911 __
u 106a=s
911 __
u 900l=
952 Тип литературы __
i Дисциплина Инженерная графика
952 Тип литературы __
i Дисциплина Инженерная и компьютерная графика
952 Тип литературы __
i Дисциплина Начертательная геометрия
952 Тип литературы __
i Дисциплина Начертательная геометрия и черчение
952 Тип литературы __
i Дисциплина Компьютерная и инженерная графика
952 Тип литературы __
i Дисциплина Начертательная геометрия и перспектива
952 Тип литературы __
i Дисциплина Черчение
952 Тип литературы __
i Дисциплина Основы инженерной графики
952 Тип литературы __
i Дисциплина Основы строительного черчения
952 Тип литературы __
i Дисциплина Основы технического черчения
952 Тип литературы __
i Дисциплина Техническая графика
952 Тип литературы __
i Дисциплина Техническое черчение
952 Тип литературы __
i Дисциплина Основы черчения
952 Тип литературы __
i Дисциплина Строительное черчение
952 Тип литературы __
i Дисциплина Основы черчения и начертательной геометрии
952 Тип литературы __
i Дисциплина Техническое исполнение дизайнерских проектов в материале
952 Тип литературы __
i Дисциплина Основы черчения с начертательной геометрией
952 Тип литературы __
i Дисциплина Черчение и начертательная геометрия
952 Тип литературы __
i Дисциплина Основы компьютерной инженерной графики
952 Тип литературы __
i Дисциплина Основы черчения и начертательная геометрия
952 Тип литературы __
i Дисциплина Компьютерная инженерная графика
952 Тип литературы __
i Дисциплина Инженерная графика (черчение)
952 Тип литературы __
i Дисциплина Основы начертательной геометрии и технического черчения
952 Тип литературы __
i Дисциплина Проектирование и составление конструкторско-технологической документации
952 Тип литературы __
i Дисциплина Инженерная компьютерная графика
952 Тип литературы __
i Дисциплина Начертательная геометрия и основы черчения
952 Тип литературы __
i Дисциплина Начертательная геометрия, черчение
952 Тип литературы __
i Дисциплина Черчение и техническое измерение
952 Тип литературы __
i Дисциплина Разработка и оформление технической документации электрического и электромеханического оборудования